• 首页
  • 本馆介绍
  • 公告通知
  • 最新文献
  • 馆藏检索
  • 电子资源
  • 读者导购
  • 参考咨询
  • 我的图书馆
  • 登录
  • 详细信息显示
  • 放入我的书架
  • 预约/预借图书
  • 作者相关作品
  • 分类相关作品
  • 丛书相关作品
  • 出版社相关作品

书目信息

  • 表格格式
  • 工作单格式
  • 卡片格式
题名:
产业经济学
    
 
作者: 李孟刚 主编
分册:  
出版信息: 北京   高等教育出版社  2023
页数: 351页
开本: 26cm
丛书名:
单 册:
中图分类: F062.9
科图分类:
主题词: 产业经济学--研究生--教材
电子资源:
ISBN: 978-7-04-059502-4
000 00761nam0 2200241 45
001 2355889441
005 20230525161149.52
010    @a978-7-04-059502-4@dCNY55.00
100    @a20130108d2023 em y0chiy50 ea
101 0  @achi
102    @aCN@b110000
105    @ay z 000yy
200 1  @a产业经济学@AChan Ye Jing Ji Xue@dIndustrial economics@f李孟刚主编@FLi Meng Gang Zhu Bian@zeng
205    @a3版
210    @a北京@c高等教育出版社@d2023
215    @a351页@d26cm
300    @a本书系北京高等教育精品材料,高等学校经济学类重要课程教材
510 1  @aIndustrial economics@zeng
606 0  @a产业经济学@x研究生@j教材
690    @aF062.9@v5
701  0 @a李孟刚@ALi Meng Gang@4主编
801    @aCN@bTANGWEI@c20130108
905    @b0830056-60@dF062.9@e184=3@f5
    
    产业经济学=Industrial economics/李孟刚主编.-3版.-北京:高等教育出版社,2023
    351页;26cm
    本书系北京高等教育精品材料,高等学校经济学类重要课程教材
    
    ISBN 978-7-04-059502-4:CNY55.00
    
●
相关链接 在E读中查询图书 在五车中查询图书 在当当中查询图书 在豆瓣中查询图书


正题名:产业经济学     索取号:F062.9/184=3         预约/预借

序号 登录号 条形码 馆藏地/架位号 状态 备注
1 1052794   210527946   第一样本阅览室/ [索取号:F062.9/184=3] 在馆    
唐山师范学院图书馆 欢迎您!
大连网信软件有限公司© 版权所有